|
|
|
|
| LEADER |
00763nam a22002532a 4500 |
| 001 |
000539490 |
| 003 |
CZ BrMZK |
| 005 |
20190627103110.0 |
| 007 |
ta |
| 008 |
000105s1971 xo e f slo d |
| 040 |
|
|
|a BOA001
|b cze
|
| 072 |
|
7 |
|a 004.3
|x Počítače. Hardware
|2 Konspekt
|9 23
|
| 080 |
|
|
|a 004.312.22
|2 MRF
|
| 080 |
|
|
|a (035)
|2 MRF
|
| 100 |
1 |
|
|a Franek, Miloš
|7 jx20040720050
|
| 245 |
1 |
0 |
|a Od algebry k počítačom
|
| 250 |
|
|
|a 1. vyd.
|
| 260 |
|
|
|a Bratislava :
|b Slov. pedag. naklad.,
|c 1971
|
| 300 |
|
|
|a 310 s.
|
| 650 |
0 |
7 |
|a logické funkce
|7 ph122426
|2 czenas
|
| 655 |
|
7 |
|a příručky
|7 fd133209
|2 czenas
|
| 910 |
|
|
|a BOA001
|b 1-0669.063
|
| 990 |
|
|
|a BK
|
| 996 |
7 |
|
|b 2619730874
|c 1-0669.063
|l MZK
|r Sklad / do 1 hodiny
|n 3
|w 000539490
|u 000010
|a 1
|e BOA001
|j MZK50
|s A
|